000 00533nam a22001697a 4500
005 20251108165841.0
008 250721s1987 xx 000 0 ara d
082 1 4 _aط/928.11/نصي
100 1 _aالمسلم، إبراهيم
245 1 0 _aالنصيب بن رباح /
264 1 _aالرياض :
_bمؤسسة دار الأصالة للثقافة و النشر،
_c1987.
300 _a56ص
490 0 _aقصص أدبية من تراثنا العربي ؛ 5
650 1 7 _aالتراجم
942 _2ddc
_cBK
999 _c32911
_d32911